000
00308nam a22001337a 4500
008
171003b xxu||||| |||| 00| 0 eng d
020
_a
076171440
041
_a
eng
080
_a
159.9
100
_a
48
101
_a
PSI
245
_a
THINKINK PROBLEM SOLVING COGNITION
_c
MAYER..R.E
942
_2
udc
_c
BK
999
_c
31354
_d
31354